The Licensing and Management of Houses in Multiple Occupation (Additional Provisions) (England) Regulations 2007 (Record no. 107326)

MARC details
000 -LEADER
fixed length control field 01508cab a22002415a 4500
001 - CONTROL NUMBER
control field L139685
008 - FIXED-LENGTH DATA ELEMENTS--GENERAL INFORMATION
fixed length control field 070803s2007 xxk f g f000 0 eng d
035 ## - SYSTEM CONTROL NUMBER
System control number (Sirsi) u139685
041 0# - LANGUAGE CODE
Language code of text/sound track or separate title eng
050 04 - LIBRARY OF CONGRESS CALL NUMBER
Classification number 306.026 $2 18
110 1# - MAIN ENTRY--CORPORATE NAME
Corporate name or jurisdiction name as entry element United Kingdom
Form subheading Laws, etc
9 (RLIN) 5044
245 04 - TITLE STATEMENT
Title The Licensing and Management of Houses in Multiple Occupation (Additional Provisions) (England) Regulations 2007
Medium [electronic resource]
490 ## - SERIES STATEMENT
Series statement Statutory Instrument
Volume/sequential designation 2007: 1903
520 ## - SUMMARY, ETC.
Summary, etc. Comes into effect on 1 October 2007. Imposes duties on managers of Housing in Multiple Occupation (HMOs) which are converted blocks of flats to which section 257 of the Housing Act 2004 applies. The duties include maintenance of water supply and drainage, gas and electricity, living accommodation and common parts; providing waste disposal facilities and information to flat owners; and taking safety measures including those relating to fire. Also imposes responsibility on HMO occupiers to ensure that the manager can reasonably carry out his responsibilities.
590 ## - LOCAL NOTE (RLIN)
Local note KA
650 24 - SUBJECT ADDED ENTRY--TOPICAL TERM
Topical term or geographic name entry element LICENSING AND MANAGEMENT OF HOUSES IN MULTIPLE OCCUPATION (ADDITIONAL PROVISIONS) (ENGLAND) REGULATIONS 2007
650 24 - SUBJECT ADDED ENTRY--TOPICAL TERM
Topical term or geographic name entry element HOUSING ACT 2004 S257
650 24 - SUBJECT ADDED ENTRY--TOPICAL TERM
Topical term or geographic name entry element HOUSING ACT 2004 PART II
651 #4 - SUBJECT ADDED ENTRY--GEOGRAPHIC NAME
Geographic name England
Chronological subdivision 886-
690 ## - LOCAL SUBJECT ADDED ENTRY--TOPICAL TERM (OCLC, RLIN)
Topical term or geographic name as entry element PROPERTY-RESIDENTIAL PROPERTY-RESIDENTIAL PROPERTY MANAGEMENT
856 40 - ELECTRONIC LOCATION AND ACCESS
Uniform Resource Identifier <a href="https://www.opsi.gov.uk/si/si2007/20071903.htm">https://www.opsi.gov.uk/si/si2007/20071903.htm</a>
Public note View the article free of charge at www.opsi.gov.uk...
942 ## - ADDED ENTRY ELEMENTS (KOHA)
Suppress in OPAC 0
Holdings
Withdrawn status Lost status Source of classification or shelving scheme Damaged status Not for loan Home library Current library Shelving location Date acquired Total Checkouts Full call number Barcode Date last seen Copy number Price effective from Koha item type
    Dewey Decimal Classification     Virtual Virtual Online 03/08/2007   ONLINE PUBLICATION 139685-2001 06/08/2019 1 06/08/2019 Journal article